000 01270nam a2200217Ia 4500
003 Ost
005 20260507075407.0
008 260507s9999||||xx |||||||||||||| ||und||
040 _cfsecg
041 _aara
082 _a330
100 _aقنديلجي، عامر
_eمؤلف
245 0 _aالبحث العلمي وإستخدام مصادر المعلومات التقليدية والإلكترونية /
_c عامر قنديلجي
260 _aعمان:
_bدار المسيرة,
_c2008
300 _a378 صفحة؛
_bإيضاحات ؛
_c24 سم
520 _aيضم تاريخ البحث العلمي ومستلزماته وأنواعه، خطة البحث العلمي وخطوات إعداده، مناهج البحث العلمي، المعاينة و العينات، إعداد تقرير البحث النهائي المكي، مصادر المعلومات الإلكترونية و الإنترنيت، المواقع البحثية الإلكترونية على الإنترنيت ، توثيق المصادر والمعلومات في تقرير البحث ، إستخدام المكتبة وفهارسها
653 _aالبحوث العلمية
653 _aخدمات المعلومات
653 _aطرق البحث
942 _cكتاب
999 _c44331
_d44331